Report of the eighteenth session, Monaco, 6-10 October 1986 /

Bibliographic Details
Corporate Author: General Fisheries Council for the Mediterranean (Food and Agriculture Organization of the United Nations)
Format: Book
Language:English
Published: Rome : Food and Agriculture Organization of the United Nations, 1987.
Series:GFCM report ; 18.
Subjects:

MARC

Tag First Indicator Second Indicator Subfields
LEADER 00000cam a2200000Ia 4500
001 in00001453021
005 20151021050552.0
008 990107s1987 it b i100 0 eng d
020 |a 9251025452 
035 |a (OCoLC)ocm48448653 
035 |9 AJD4329AM 
040 |a TXA  |c TXA  |d UtOrBLW 
043 |a mm----- 
049 |a TXAM 
090 |a SH213.4  |b G4 1986 
110 2 |a General Fisheries Council for the Mediterranean (Food and Agriculture Organization of the United Nations)  |n (18th :  |d 1986 :  |c Monaco) 
245 1 0 |a Report of the eighteenth session, Monaco, 6-10 October 1986 /  |c General Fisheries Council for the Mediterranean (GFCM). 
264 1 |a Rome :  |b Food and Agriculture Organization of the United Nations,  |c 1987. 
300 |a 55 pages :  |b map ;  |c 28 cm. 
336 |a text  |b txt  |2 rdacontent 
337 |a unmediated  |b n  |2 rdamedia 
338 |a volume  |b nc  |2 rdacarrier 
490 1 |a GFCM report,  |v 18 
650 0 |a Fishery resources  |z Mediterranean Region  |v Congresses. 
650 0 |a Fisheries  |z Mediterranean Region  |v Congresses. 
830 0 |a GFCM report ;  |v 18. 
948 |a Sent to ocat shelves, 01/07/98, jls 
994 |a E0  |b TXA 
948 |a cataloged  |b h  |c 2001/11/27  |d o  |e fpiscitelli  |f 11:45:42 am 
999 |a MARS 
999 f f |s 653ea0bb-5e76-3472-bc55-ce9a1f05a622  |i 2b26e69c-8c1b-326d-ae1a-0f1dc2e6a440  |t 0 
952 f f |p ric  |a Texas A&M University  |b Rellis Campus  |c Joint Library Facility  |d Remote Storage  |t 0  |e SH213.4 G4 1986  |h Library of Congress classification  |i unmediated -- volume  |m A14828122742 
998 f f |a SH213.4 G4 1986  |t 0  |l Remote Storage